000 01090nam a22003017a 4500
001 6286
003 FISKH
005 20250409111904.0
008 250409b cb ||||| |||| 00| 0 eng d
040 _aDLC
_cDLC
_dDLC
_beng
050 _aPZ7.K6797 H
082 _a813
100 1 _aKline, Suzy
_d(1943-)
245 1 0 _aHorrible Harry and the green slime /
_cby Suzy Kline ; pictures by Frank Remkiewicz.
250 _aThis edition first published in 1991
260 _aNew York :
_bScholastic,
_c1989.
300 _a58 pages :
_billustrations ;
_c20 cm.
505 _aJ
520 _aFollows the school activities of second-graders, Harry and Doug, as they participate in a secret mission to celebrate "Charlotte's Web," learn how to make green slime, and put on a skit warning about the dangers of smoking.
521 8 _a470
_bLexile
521 8 _aJ
_bRaz-Plus
650 1 _aSchools
_xFiction.
650 1 _aFriendship
_xFiction.
700 1 _aRemkiewicz, Frank
_eillustrator
906 _a7
_bcbc
_corignew
_d1
_eocip
_f19
_gy-gencatlg
942 _2ddc
_cBK
_n0
999 _c6286
_d6286